[Event "Auckland North Shore op"]
[Site "Auckland"]
[Date "2025.05.14"]
[Round "4"]
[White "Hu, Nolan"]
[Black "Zeng, Laker"]
[Result "1-0"]
[WhiteElo "1242"]
[BlackElo "1408"]
[PlyCount "62"]
[EventDate "2025.04.16"]
[EventType "swiss"]
[EventRounds "5"]
[EventCountry "NZL"]
[SourceTitle "CB23_2025"]
[SourceDate "2025.06.04"]
[SourceVersion "1"]
[SourceVersionDate "2025.06.04"]
[SourceQuality "1"]

1. e4 c5 2. Nf3 Nc6 3. Bb5 g6 4. Bxc6 bxc6 5. d4 Bg7 6. 0-0 cxd4 7. Nxd4 Qb6 8. c3 Nf6 9. Re1 Bb7 10. Qb3 c5 11. Qxb6 axb6 12. e5 cxd4 13. exf6 Bxf6 14. cxd4 Bxd4 15. Nc3 e6 16. Nb5 Bxf2+ 17. Kxf2 0-0 18. Nd6 Bc6 19. Bh6 Rfb8 20. Bf4 Ra4 21. Bg3 Rb4 22. Kg1 Rxb2 23. Bf2 Ra8 24. Nc4 Rbxa2 25. Rxa2 Rxa2 26. Nxb6 Kg7 27. Rd1 Ra7 28. Nc4 Ra2 29. Ne5 Ba4 30. Rc1 f6 31. Nd3 Rd2 1-0

[Event "Auckland North Shore op"]
[Site "Auckland"]
[Date "2025.05.07"]
[Round "3"]
[White "Zeng, Laker"]
[Black "Xu, Vera Jintian"]
[Result "1/2-1/2"]
[WhiteElo "1408"]
[BlackElo "1499"]
[PlyCount "77"]
[EventDate "2025.04.16"]
[EventType "swiss"]
[EventRounds "5"]
[EventCountry "NZL"]
[SourceTitle "CB23_2025"]
[SourceDate "2025.06.04"]
[SourceVersion "1"]
[SourceVersionDate "2025.06.04"]
[SourceQuality "1"]

1. e4 c5 2. Nf3 e6 3. Bc4 d5 4. exd5 exd5 5. Bb5+ Nc6 6. 0-0 Be7 7. Ne5 Bd7 8. Nxd7 Qxd7 9. Re1 Nf6 10. b3 0-0 11. Bb2 Rac8 12. Ba3 a6 13. Bxc6 Rxc6 14. d4 Re8 15. dxc5 Bxc5 16. Rxe8+ Qxe8 17. Bxc5 Rxc5 18. Nd2 Qc6 19. c4 dxc4 20. Nxc4 h6 21. Qd8+ Kh7 22. Rd1 Rd5 23. Rxd5 Nxd5 24. Qd6 Qe8 25. h3 Nf6 26. Qd3+ Qe4 27. Qxe4+ Nxe4 28. f3 Nc3 29. a4 b5 30. Nb6 bxa4 31. Nxa4 Nxa4 32. bxa4 Kg6 33. Kf2 Kf5 34. Ke3 Ke5 35. Kd3 Kd5 36. Kc3 a5 37. Kd3 f5 38. f4 g5 39. g3 1/2-1/2